| 000 | 00449nam a2200181Ia 4500 | ||
|---|---|---|---|
| 001 | 10813 | ||
| 005 | 20260306161859.0 | ||
| 008 | 260306t1985||||xx |||||||||||||| ||spa|| | ||
| 041 | _aESP | ||
| 082 |
_a972.9 _bB75 T. 1 |
||
| 100 |
_aBosch, Juan _eAUT |
||
| 245 | 0 |
_aDe Cristóbal Colón a Fidel Castro (I): _bEl Caribe, frontera imperial |
|
| 260 | _c1985 | ||
| 300 |
_a _c20 cm |
||
| 650 | _aGEN | ||
| 654 | _aCHU | ||
| 942 |
_cLIB _dJUS _fJUS _2ddc _n |
||
| 999 |
_c10813 _d10813 |
||